Quizzes
Events
Quiz Creation
Community
Videos
Private Events
Remove Ads
Sign In
Join for FREE
Feedback
Dark Mode
Quiz Categories
Sports
Geography
Music
Movies
Television
Just For Fun
Miscellaneous
History
Literature
Language
Science
Gaming
Entertainment
Religion
Holiday
For Kids
Quiz Lab
Recent
Popular Today
Quiz Kudos Today
Editor Picks
Curator Picks
Quizzes by...
Day
Popularity
Type
Ratings
Length
Year
Community
Subscriptions
Recent Discussions
Orange Saloon
Badges
Playlists
Quests
Create
Leaderboards
Showdown
Live 5
Trivia Bingo
Activity
Puzzle Library
Sporcle Events
Private Events
Virtual Trivia
Globe League
Become a Host
Pub Owners
SporcleCon
Opinionation
Our Games
Videos
Blog
Mobile Apps
Partnerships
Remove Ads and Go Orange
Feedback
Literature
Harry Potter
A Song of Ice and Fire
The Hunger Games
Literary Character
Shakespeare
Book
Author
Novel
Poem
Young Adult
Children's Books
Play
Lord of the Rings
Literature
Harry Potter
A Song of Ice and Fire
The Hunger Games
Literary Character
Shakespeare
Book
Author
Novel
Poem
Young Adult
Children's Books
Play
Lord of the Rings
Random Quiz
Search Sporcle
×
Quiz Lab
Quiz Lab
Literature
Setting
Type in answers that appear in a list
Type in answers that appear in a list
Classic
Best Score? Go Orange.
The Teachers Funeral Stats
Can you name the The Teachers Funeral characters, character traits, settings, and events?
By
kurtenbachgarret
7m
50 Questions
34 Plays
34 Plays
34 Plays
Comments
Comments
Give Quiz Kudos
Give Quiz Kudos
-
- Ratings
hide this ad
Forced Order
Answers have to be entered in order
Answers have to be entered in order
Replay
Link that replays current quiz
Next Quiz
Link to next quiz in quiz playlist
You Got
0%
They Got
Avg Score
34%
Avg Friend Score
Upgrade to see
Score Distribution
Jump to the score distribution portion of the page
Score
0/50
Timer
07:00
0
Plays Today
Hint
Answer
% Correct
Who is the new Teacher?
Tansy
94.1%
How old is Russell?
15
91.2%
How old is Tansy?
17
85.3%
What teacher died?
Miss Myrt
82.4%
Who is the main character/
narrator?
Russell
79.4%
Who is Russell's best friend?
Charlie
76.5%
How old is Lloyd?
10
50%
When is the book taken place?
1905
41.2%
How many chapters are in the Teacher Funeral?
17
41.2%
True or False, Russell liked Tansy as a teacher.
False
41.2%
Did Russell go to the Dakotas?
No
41.2%
Did Tansy pass her test?
Yes
41.2%
Did Russell go to Dakotas for college?
No
41.2%
True or False, Russell washes his hands in the trough.
True
38.2%
True of False, Tansy stole the pointer from Miss Myrt.
True
38.2%
True of False, Lloyd is the smartest person in the class.
False
38.2%
Does Tansy think Russell can be a roll model for Lloyd?
Yes
38.2%
What is Russell's Last name?
Culver
35.3%
What is the Floyd's nickname?
Flopears
35.3%
How old is Charlie?
16
35.3%
True or False, Miss Myrt had arthritis.
True
35.3%
Did Tansy want Russell go to high school?
Yes
35.3%
What state is it token place?
Indiana
32.4%
True of False, Russell goes to a catholic school.
False
32.4%
Where do Charlie and Russell want to go to?
Dakotas
29.4%
Hint
Answer
% Correct
Who is now a cartoon artist?
Floyd
29.4%
Who does Charlie marry?
Pearl
29.4%
True of False, Russell always played baseball with real baseballs.
False
29.4%
Who married Tansy?
Glenn
26.5%
Which one of Russell's classmates did the same job that his father did?
Charlie
26.5%
What does Tansy take from Miss Myrt?
Pointer
26.5%
Who does Russell marry?
Little Britches
23.5%
Russell and Charlie smoked _
_
_
_
_
_
_
_
_
_
.
Buggy Whip
23.5%
True of False, Dad married Aunt Maud.
False
23.5%
True of False, Eugene Hammond LIked Tansy.
True
23.5%
What High School did Tansy and Russell Go To?
Rockville
20.6%
What county do they live in?
Park
20.6%
What family doesn't let there kids go to school?
Tarbox
20.6%
True of False, Russell's dad went to the same school as Russell did.
True
20.6%
Who is the Author of the book?
Richard Peck
20.6%
Who burnt down the privy?
Russell and Charlie
17.6%
How many kids are in Russell's class?
8
14.7%
What college does he go to?
Purdue
14.7%
Who lives in Aunt Fanny Hamline's horse stable?
Glenn
14.7%
Why did Russell want to go to the Dakotas? make it a one word answer like work, school, sports
school
11.8%
Did Engine Hammond dance with Aunt Maud?
Yes
11.8%
What is the number of the car that Eugene Hammond drove?
NO. 2
8.8%
How many people like Tansy?
3
8.8%
Why is the book called the teachers funeral?
Miss Myrt died
8.8%
Who was the sweet sycamore Township poem writer?
Aunt Fanny Hamline
5.9%
Quiz Playlist
Details
Report
Send in Message
Add To Playlist
Classic:
Type in answers that appear in a list
Forced Order:
Answers have to be entered in order
Last Updated: Feb 16, 2017
Quiz Scoreboard
CHALLENGE
Sign Up to Join the Scoreboard
Show All
Scores
Hide
Comments
May contain spoilers
Recently Published
An Introduction to Baseball
by treessimontrees
Sports
5m
Movies - When Are They Set?
by FPL_Elf
Movies
5m
Popular People in 1961
by mucciniale
History
6m
More to Explore
Quiz From the Vault
Featured Blog Post
Where Did the Easter Bunny Come From?
hide this ad
You Might Also Like...
Tags
Character
Event
Funeral
Setting
Teacher
trait
Today's Top Quizzes in Literature
Browse Literature
hide this ad
Today's Top Quizzes in Setting
Browse Setting
Top Contributed Quizzes in Literature
1
Sneaky Slytherin Logic Puzzle
2
One Thing in Common: Literature
3
Get The Picture: Black or White Literature
4
Harry Potter Neighbourly Logic Puzzle #3
5
Weasley Family Reunion: Logic Puzzle
6
One Thing in Common: Books
7
One Thing in Common: Literature II
8
Harry Potter Neighbourly Logic Puzzle #1
9
Harry Potter Neighbourly Logic Puzzle #5
10
Harry Potter Neighbourly Logic Puzzle #6
Explore More
Trending Topics
NBA
Kpop
Marvel
Crossword
Anime
Harry Potter
Disney
WWE
Soccer
Puzzle
Country
Song
Pokémon
The Office
NFL
hide this ad
More By:
kurtenbachgarret
Quiz
Plays
Rating
Category
Featured
Created
The Teachers Funeral
34
Literature
May 18, 2016
Go to Creator's Profile
Score Distribution
Quiz Creator Spotlight
kurtenbachgarret
Follow
Send a Message
Quizzes Created
-
Created Quiz Play Count
-
More By This Creator
Popular Quizzes Today
1
Find the Countries of Europe - No Outlines Minefield
2
Find the US States - No Outlines Minefield
3
The Countries of the World
4
Popular People in 1961
5
US States
6
Find the US States
7
1-10 Letter E Words III
8
Risky Map Clicking: Biggest States A-Z
More Literature Quizzes
Cover Click: Books Set in Australia
Editor's Pick
Trending Quizzes
Risky Map Clicking: Least Populous States A-Z
1-10 Letter F Words
1-10 Letter G Words
One Thing in Common: United Kingdom
Risky Map Clicking: Next State Alphabetically
Recently Updated
Leaping Animals
pecheneg
Reality TV Shows (A-Z)
bhenderson79
Rickey Henderson's Hall of Fame Teammates
pecheneg
Champions League XIs: Arsenal
pecheneg
Quick Pick: Celebrities in WWE's Hall of Fame
aduchscher
A-Z Keypad Blitz II
pecheneg
Multiple Oscar Actors
pecheneg
Mystery Phrase Blitz: Oscar 'Best Actors'
pecheneg
F. Scott Fitzgerald Novels
LTH
Pick 3 Villains
ddd62291
Trending Topics
Harry Potter
Disney
NBA
Anime
Crossword
Marvel
Kpop
Pokémon
Country
NFL
Soccer
WWE
Song
Puzzle
The Office
Your Account Isn't Verified!
In order to create a playlist on Sporcle, you need to verify the email address you used during registration. Go to your
Sporcle Settings
to finish the process.
Report this User
Report this user for behavior that violates our
Community Guidelines
.
Details:
Send Report
Go to the Sporcle.com Mobile Site →
Comments